Teaching and learning with Technology (Record no. 133872)

MARC details
000 -LEADER
fixed length control field 00766nam a2200253 a 4500
008 - FIXED-LENGTH DATA ELEMENTS--GENERAL INFORMATION
fixed length control field
020 ## - INTERNATIONAL STANDARD BOOK NUMBER
International Standard Book Number 025511910 (pbk.)
049 ## - LOCAL HOLDINGS (OCLC)
Holding library MAIN
090 ## - LOCALLY ASSIGNED LC-TYPE CALL NUMBER (OCLC); LOCAL CALL NUMBER (RLIN)
Classification number (OCLC) (R) ; Classification number, CALL (RLIN) (NR) LB1028.3
Local cutter number (OCLC) ; Book number/undivided call number, CALL (RLIN) DUF
003 - CONTROL NUMBER IDENTIFIER
control field
005 - DATE AND TIME OF LATEST TRANSACTION
control field 20230123125008.0
040 ## - CATALOGING SOURCE
Transcribing agency NUST
100 1# - MAIN ENTRY--PERSONAL NAME
Personal name Duffy, L. Judy.
245 10 - TITLE STATEMENT
Title Teaching and learning with Technology
Statement of responsibility, etc. Judy Lever-Duffy and Jean B McDonald.
250 ## - EDITION STATEMENT
Edition statement 3rd ed.
260 ## - PUBLICATION, DISTRIBUTION, ETC.
Place of publication, distribution, etc. Boston :
Name of publisher, distributor, etc. Pearson Education Inc,
Date of publication, distribution, etc. 2008
300 ## - PHYSICAL DESCRIPTION
Extent xxvi, 486 p. :
Other physical details some col ill. ;
Dimensions 28 cm.
504 ## - BIBLIOGRAPHY, ETC. NOTE
Bibliography, etc. note Includes bibliographical references.
500 ## - GENERAL NOTE
General note Includes index.
650 #1 - SUBJECT ADDED ENTRY--TOPICAL TERM
Topical term or geographic name entry element Learning with technology.
700 ## - ADDED ENTRY--PERSONAL NAME
Personal name McDonald, B. Jean
907 ## - LOCAL DATA ELEMENT G, LDG (RLIN)
a .b10272859
b 10-03-10
c 11-02-10
942 ## - ADDED ENTRY ELEMENTS (KOHA)
Koha item type Ordinary Loan Books
Call number prefix LB1028.3
Call number suffix DUF
Holdings
Date last seen Total Checkouts Full call number Barcode Cost, replacement price Price effective from Koha item type Lost status Source of classification or shelving scheme Damaged status Not for loan Collection Withdrawn status Home library Current library Shelving location Date acquired Cost, normal purchase price
01/23/2023 38 LB1028.3 LEV 92004012702 80.00 01/23/2023 BOOKS   LCC     NFIC   MAIN MAIN GEN 01/23/2023 80.00